| 000 | 00654 a2200205 4500 | ||
|---|---|---|---|
| 020 | _a0-14-024351-8 | ||
| 040 |
_aDLC _bDLC |
||
| 082 | _a823.912 | ||
| 100 | 1 | _aGates, Bill. | |
| 245 | 0 | 4 |
_aThe road ahead _cBill Gates with Nathan Myhrvold and Peter Rinearson |
| 250 | _aCompletely rev. and updated ed. | ||
| 260 |
_aLondon : _bPenguin, _c1996 |
||
| 300 |
_axviii, 332 p. : _bill. ; _c20 cm |
||
| 500 | _aOriginally published: London: Viking, 1995 | ||
| 650 | 7 | _aInternet | |
| 650 | 7 |
_aInformation technology _xSocial aspects |
|
| 650 | 7 | _aComputers and civilization | |
| 650 | 7 | _aInformation technology - Social aspects | |
| 942 |
_cBK _k823.912 GAT _2ddc |
||
| 999 |
_c5057 _d5057 |
||